<?xml version="1.0" encoding="UTF-8"?>
<record
    xmlns:xsi="http://www.w3.org/2001/XMLSchema-instance"
    xsi:schemaLocation="http://www.loc.gov/MARC21/slim http://www.loc.gov/standards/marcxml/schema/MARC21slim.xsd"
    xmlns="http://www.loc.gov/MARC21/slim">

  <leader>01475    a2200217   4500</leader>
  <controlfield tag="001">3732</controlfield>
  <controlfield tag="005">20260407155430.0</controlfield>
  <controlfield tag="008">260407a2009    arg                 spa d</controlfield>
  <controlfield tag="003">AR-UNSa-BCEJYS</controlfield>
  <datafield tag="040" ind1=" " ind2=" ">
    <subfield code="a">AR-UNSa-BCEJYS</subfield>
    <subfield code="b">spa</subfield>
    <subfield code="c">AR-UNSa-BCEJYS</subfield>
  </datafield>
  <datafield tag="080" ind1=" " ind2=" ">
    <subfield code="a">338.246.025.87</subfield>
    <subfield code="x">Nacionalizaci&#xF3;n</subfield>
  </datafield>
  <datafield tag="245" ind1="1" ind2="0">
    <subfield code="a">R&#xE9;gimen de nacionalizaci&#xF3;n de empresas privadas</subfield>
  </datafield>
  <datafield tag="020" ind1=" " ind2=" ">
    <subfield code="a">978-987-1313-58-7</subfield>
  </datafield>
  <datafield tag="264" ind1=" " ind2="1">
    <subfield code="a">Buenos Aires :</subfield>
    <subfield code="b">Ediciones Rap</subfield>
    <subfield code="c">2009</subfield>
  </datafield>
  <datafield tag="300" ind1=" " ind2=" ">
    <subfield code="a">159 p.</subfield>
    <subfield code="c">24 cm.</subfield>
  </datafield>
  <datafield tag="505" ind1=" " ind2=" ">
    <subfield code="a">1. El territorio de las empresas p&#xFA;blicas - 2.La importancia de la Constituci&#xF3;n del a&#xF1;o 1949 en la evoluci&#xF3;n del concepto y la regulaci&#xF3;n de la empresa p&#xFA;blica - 3. Un r&#xE9;gimen especial para combinar capitales. El acercamiento hacia las formas societarias del derecho privado - 4. Sociedades del Estado - 5. Control de empresas p&#xFA;blicas - 6. Las privatizaciones - 7. &#xBF;Un camino de vuelta? El &#xFA;ltimo lustro - 8. Consideraciones generales del r&#xE9;gimen de bienes del dominio p&#xFA;blico del estado y las empresas p&#xFA;blicas - 9. La necesidad de la existencia del t&#xED;tulo habilitante - 10. Breve rese&#xF1;a del actual sistema de control del sector p&#xFA;blico nacional - 11. La experiencia nacionalizadora en la Rep&#xFA;blica Argentina-YPF S. A.</subfield>
  </datafield>
  <datafield tag="942" ind1=" " ind2=" ">
    <subfield code="c">BK</subfield>
  </datafield>
  <datafield tag="590" ind1=" " ind2=" ">
    <subfield code="a">niveau_biblio:m niveau_hierar:0</subfield>
  </datafield>
  <datafield tag="100" ind1="1" ind2=" ">
    <subfield code="a">Alfonso, Mar&#xED;a Laura</subfield>
  </datafield>
  <datafield tag="856" ind1="4" ind2="1">
    <subfield code="u">https://biblioeco.unsa.edu.ar/pmb/images/libros/Regimen de nacionalizacion de empresas privadas-l118347.jpg</subfield>
    <subfield code="y">Imagen de portada</subfield>
    <subfield code="q">image/jpeg</subfield>
  </datafield>
  <datafield tag="999" ind1=" " ind2=" ">
    <subfield code="c">345</subfield>
    <subfield code="d">345</subfield>
  </datafield>
  <datafield tag="952" ind1=" " ind2=" ">
    <subfield code="0">0</subfield>
    <subfield code="1">0</subfield>
    <subfield code="4">0</subfield>
    <subfield code="7">0</subfield>
    <subfield code="a">BCEJYS</subfield>
    <subfield code="b">BCEJYS</subfield>
    <subfield code="c">16</subfield>
    <subfield code="d">2026-04-07</subfield>
    <subfield code="l">0</subfield>
    <subfield code="o">338.246.025.87 A388</subfield>
    <subfield code="p">L118347</subfield>
    <subfield code="r">2026-04-07 15:54:30</subfield>
    <subfield code="w">2026-04-07</subfield>
    <subfield code="y">L</subfield>
  </datafield>
</record>
